RTL hardware design using VHDL :coding for efficiency, portability, and scalability -(E-BOOK) (Record no. 191964)
[ view plain ]
| 000 -LEADER | |
|---|---|
| fixed length control field | 01775 a2200265 4500 |
| 003 - CONTROL NUMBER IDENTIFIER | |
| control field | Nust |
| 005 - DATE AND TIME OF LATEST TRANSACTION | |
| control field | 20170207154027.0 |
| 010 ## - LIBRARY OF CONGRESS CONTROL NUMBER | |
| LC control number | 2005054234 |
| 020 ## - INTERNATIONAL STANDARD BOOK NUMBER | |
| International Standard Book Number | 0471720925 (alk. paper) |
| 020 ## - INTERNATIONAL STANDARD BOOK NUMBER | |
| International Standard Book Number | 9780471720928 |
| 035 ## - SYSTEM CONTROL NUMBER | |
| System control number | (OCoLC)ocm61500103 |
| 040 ## - CATALOGING SOURCE | |
| Transcribing agency | Nust |
| 082 00 - DEWEY DECIMAL CLASSIFICATION NUMBER | |
| Classification number | 621.392 |
| 100 1# - MAIN ENTRY--PERSONAL NAME | |
| Personal name | Chu, Pong P., |
| 245 10 - TITLE STATEMENT | |
| Title | RTL hardware design using VHDL :coding for efficiency, portability, and scalability -(E-BOOK) |
| Statement of responsibility, etc. | Pong P. Chu. |
| 260 ## - PUBLICATION, DISTRIBUTION, ETC. | |
| Place of publication, distribution, etc. | Hoboken, N.J. : |
| Name of publisher, distributor, etc. | Wiley-Interscience, |
| Date of publication, distribution, etc. | c2006. |
| 300 ## - PHYSICAL DESCRIPTION | |
| Extent | xxiii, 669 p. : |
| Other physical details | ill. ; |
| Dimensions | 26 cm. |
| 500 ## - GENERAL NOTE | |
| General note | Introduction to Digital System Design (Page-1) Overview of Hardware Description Languages (Page-23) Basic Language Constructs of VHDL (Page-43) Concurrent Signal Assignment Statements of VHDL 69 (Page-69 )Sequential Statements of VHDL (Page-97)Synthesis Of VHDL Code (Page-125 )Combinational Circuit Design: Practice(Page-163)Sequential Circuit Design: Principle (Page-213)Sequential Circuit Design: Practice (Page-257)Finite State Machine: Principle and Practice (Page-313)Register Transfer Methodology: Principle (Page-373)Register Transfer Methodology: Practice (Page-421)Hierarchical Design in VHDL ( 473)Parameterized Design: Principle (Page-499)Parameterized Design: Practice (Page-545) Clock and Synchronization: Principle and Practice (Page-603) |
| 650 #0 - SUBJECT ADDED ENTRY--TOPICAL TERM | |
| Topical term or geographic name entry element | Digital electronics |
| General subdivision | Data processing. |
| 650 #0 - SUBJECT ADDED ENTRY--TOPICAL TERM | |
| Topical term or geographic name entry element | VHDL (Computer hardware description language) |
| 651 ## - SUBJECT ADDED ENTRY--GEOGRAPHIC NAME | |
| Geographic name | E-BOOK |
| 856 42 - ELECTRONIC LOCATION AND ACCESS | |
| Materials specified | Contributor biographical information |
| Uniform Resource Identifier | <a href="http://www.loc.gov/catdir/enhancements/fy0740/2005054234-b.html">http://www.loc.gov/catdir/enhancements/fy0740/2005054234-b.html</a> |
| 856 42 - ELECTRONIC LOCATION AND ACCESS | |
| Materials specified | Publisher description |
| Uniform Resource Identifier | <a href="http://www.loc.gov/catdir/enhancements/fy0625/2005054234-d.html">http://www.loc.gov/catdir/enhancements/fy0625/2005054234-d.html</a> |
| 856 42 - ELECTRONIC LOCATION AND ACCESS | |
| Materials specified | Table of contents only |
| Uniform Resource Identifier | <a href="http://www.loc.gov/catdir/enhancements/fy0653/2005054234-t.html">http://www.loc.gov/catdir/enhancements/fy0653/2005054234-t.html</a> |
| 942 ## - ADDED ENTRY ELEMENTS (KOHA) | |
| Source of classification or shelving scheme | |
| Koha item type | Book |
| Withdrawn status | Lost status | Source of classification or shelving scheme | Damaged status | Not for loan | Collection code | Permanent Location | Current Location | Date acquired | Total Checkouts | Full call number | Barcode | Date last seen | Price effective from | Koha item type |
|---|---|---|---|---|---|---|---|---|---|---|---|---|---|---|
| Military College of Signals (MCS) | Military College of Signals (MCS) | 12/12/2016 | 621.392 CHU | MCSEB-898 | 12/08/2016 | 12/12/2016 | Book |
